000 00533nam a2200145Ia 4500
008 210716s1992 xx 000 0 und d
020 _a8185623201
041 _aeng
082 _a003.57 DANC
100 _aDanuloff Craig; Sanders William B
245 _aAdvanced pagemaket 4.0 for windows; power tools and tricks to get the maximum from the windows 3.0 environment.
_bPower tools and tricks to get the maximum from the windows 3.0 environment.
250 _a1
260 _aNew Delhi
_bGalgotia Publishers
_c1992
300 _aX,354
999 _c182668
_d182668